Statistics for Biggest Cities in the Ancient Egyptian Empire with a Map

Click here to take the quiz!

General Stats

  • This quiz has been taken 163 times
  • The average score is 10 of 49

Answers on the Map

Answers color-coded by a green-red scale on the quiz's map according to % correct below.
 

Answer Stats

PopulationCity% Correct
5kAushamem
(Jerusalem)
89%
70kWaset
(Luxor)
89%
20kIunu
(Ain Shams, Cairo)
81%
40kMen-nefer
(Memphis)
75%
17kGadjaty
(Gaza City)
73%
5kYpu
(Jaffa, Tel Aviv)
62%
5kTimesqu
(Damascus)
59%
5kDjaur
(Tyre)
57%
5kDjedun
(Sidon)
38%
12kAka
(Acre)
31%
25kSaw
(Sa el-Hagar)
31%
27kIsqaruni
(Ashkelon)
30%
70kPer-Ramassu
(Qantir)
27%
6kKeben
(Byblos)
26%
13kIsdad
(Ashdod)
25%
14kAkeret
(Latakia)
23%
5kDjanet
(San al-Hagar)
17%
13kPer-Bast
(Zagazig)
15%
5kQadesh
(Tell Kedesh)
15%
5kSemer
(Tell Kazel)
13%
7kMikti
(Megiddo)
11%
20kGimti
(Tell es-Safi)
9%
20kKhmunu
(El Ashmunein)
9%
8kLaish
(Dan)
9%
22kHudjar
(Tell Hazor)
8%
8kPer-Nebet-Imu
(Kom el-Hisn)
8%
10kMuhazu
(Yavne-Yam)
7%
7kRekisha
(Tell Lachish)
7%
5kIpu
(Akhmim)
6%
10kIretu
(Arwad)
6%
11kTuiar
(Dor)
6%
8kAbel
(Metula)
5%
10k(Bar Elias)
5%
8kDjedet
(Temay El Amdeed)
5%
20kHenen-Nesut
(Ihnasya)
5%
12kHut-heri-ib
(Benha)
5%
7kKadjar
(Tell Gezer)
5%
10kPer-Sopdu
(Saft el-Hinna)
5%
6kRehob
(Tell Rehov)
5%
14kShamuna
(Tell Shimron)
5%
10k(Tell Kabri)
5%
10kTjeb-netjer
(Samannud)
5%
10kYursa
(Tell Jemmeh)
5%
8kHarashim
(Tell Harashim)
4%
6kImet
(Tell Nebesha)
4%
8kPer-Harmerti
(Hurbayt)
4%
7kPoran
(Tell el-Farani)
4%
5k(Ras Ali)
4%
7k(Tell el-Hesi)
4%

Score Distribution

Percentile by Number Answered

Percent of People with Each Score

Your Score History

You have not taken this quiz